Jekyll & Hyde : the musical / Broadway Television ... Read More
Available copies
- 1 of 1 copy available at LARL/NWRL Consortium.
- 1 of 1 copy available at Northwest Regional Library. (Show preferred library)
Current holds
0 current holds with 1 total copy.
Show Only Available Copies
| Location | Call Number / Copy Notes | Barcode | Shelving Location | Status | Due Date |
|---|---|---|---|---|---|
| Thief River Falls Public Library | DVD JEK (Text) | 35500003190574 | Main | Available | - |
Record details
- ISBN: 0766207390
- Physical Description: 1 videodisc (134 min.) : sd., col. ; 4 3/4 in.
- Edition: Widescreen version.
- Publisher: New York, NY : Goodtimes Entertainment, c2001.
Content descriptions
| General Note: | "Direct from Broadway"--Container. Special features: special introduction and a backstage interview with David Hasselhoff, the original ... Read More |
| Creation/Production Credits Note: | Music, Frank Wildhorn ; costume designer, Ann ... Read More |
| Participant or Performer Note: | David Hasselhoff, Coleen Sexton, Andrea Rivette, ... Read More |
| Date/Time and Place of an Event Note: | Filmed at the Plymouth Theatre, New York. |
| Summary, etc.: | A musical adaptation of Robert Louis Stevenson's ... Read More |
| Target Audience Note: | MPAA rating: Not rated. |
| Additional Physical Form available Note: | Also issued on VHS. |
| System Details Note: | DVD, Dolby surround. |
Search for related items by subject
| Subject: | Self-experimentation in medicine > Drama. Multiple personality > Drama. |
| Genre: | Medical drama. Feature films. Video recordings. DVDs. Musical films. |
Search for related items by series
| LDR | 03031cgm a2200673Ia 4500 | ||
|---|---|---|---|
| 001 | 43838 | ||
| 003 | LARL_NWRL_CONSORTIUM | ||
| 005 | 20160712144430.0 | ||
| 007 | vd cgaizq | ||
| 008 | 010908s2001 nyu134 g vleng d | ||
| 020 | . | ‡a0766207390 | |
| 024 | 1 | . | ‡a018713813039 |
| 024 | 1 | . | ‡a014381362626 |
| 028 | 4 | 2. | ‡a05-81303 ‡bGoodtimes Entertainment |
| 035 | . | ‡a(OCoLC)47929574 | |
| 082 | 0 | 4. | ‡a791.43/72 |
| 090 | . | ‡aM1500 ‡b.J4 2001 | |
| 098 | . | ‡aK ‡aJEKY ‡aJH ‡aH90 | |
| 245 | 0 | 0. | ‡aJekyll & Hyde : ‡bthe musical / ‡cBroadway Television Network ; producer, Nicholas van Hoogstraten ; director, Don Roy King. |
| 246 | 3 | 3. | ‡aJekyll and Hyde |
| 246 | 3 | . | ‡aDavid Hasselhoff in Jekyll & Hyde : ‡bthe musican |
| 246 | 0 | . | ‡iAt head of title : ‡aBroadway Television Network presents David Hasselhoff |
| 246 | 3 | 3. | ‡aBroadway Television Network presents David Hasselhoff in Jekyll and Hyde, the musical |
| 250 | . | ‡aWidescreen version. | |
| 260 | . | ‡aNew York, NY : ‡bGoodtimes Entertainment, ‡cc2001. | |
| 300 | . | ‡a1 videodisc (134 min.) : ‡bsd., col. ; ‡c4 3/4 in. | |
| 490 | 0 | . | ‡aGoodtimes Home Video Platinum |
| 538 | . | ‡aDVD, Dolby surround. | |
| 511 | 1 | . | ‡aDavid Hasselhoff, Coleen Sexton, Andrea Rivette, George Merritt, Barrie Ingham, Martin Van Treuren, Corinne Melançon. |
| 508 | . | ‡aMusic, Frank Wildhorn ; costume designer, Ann Curtis ; choreographer, Joey Pizzi. | |
| 518 | . | ‡aFilmed at the Plymouth Theatre, New York. | |
| 500 | . | ‡a"Direct from Broadway"--Container. | |
| 521 | 8 | . | ‡aMPAA rating: Not rated. |
| 530 | . | ‡aAlso issued on VHS. | |
| 520 | . | ‡aA musical adaptation of Robert Louis Stevenson's classic tale about the battle between good and evil. After being turned down to allow an instituted person to become part of his experimentations, Dr. Jekyll decides to use himself instead and finds that the evil in him cannot be controlled. | |
| 500 | . | ‡aSpecial features: special introduction and a backstage interview with David Hasselhoff, the original theatrical trailer; cast biographies; chapter index; song index. | |
| 655 | 0. | ‡aMedical drama. | |
| 650 | 0. | ‡aSelf-experimentation in medicine ‡vDrama. | |
| 650 | 0. | ‡aMultiple personality ‡vDrama. | |
| 655 | 0. | ‡aFeature films. ‡0(LARL_NWRL_CONSORTIUM)175625 | |
| 655 | 0. | ‡aVideo recordings. ‡0(LARL_NWRL_CONSORTIUM)175824 | |
| 655 | 0. | ‡aDVDs. | |
| 655 | 0. | ‡aMusical films. ‡0(LARL_NWRL_CONSORTIUM)175635 | |
| 700 | 1 | . | ‡aVan Hoogstraten, Nicholas, ‡d1956- ‡0(LARL_NWRL_CONSORTIUM)103009 |
| 700 | 1 | . | ‡aKing, Don Roy. ‡0(LARL_NWRL_CONSORTIUM)136555 |
| 700 | 1 | . | ‡aHasselhoff, David. ‡0(LARL_NWRL_CONSORTIUM)118196 |
| 700 | 1 | . | ‡aSexton, Coleen. ‡0(LARL_NWRL_CONSORTIUM)214008 |
| 700 | 1 | . | ‡aRivette, Andrea. ‡0(LARL_NWRL_CONSORTIUM)214009 |
| 700 | 1 | . | ‡aMerritt, George, ‡d1942- ‡0(LARL_NWRL_CONSORTIUM)136754 |
| 700 | 1 | . | ‡aIngham, Barrie. ‡0(LARL_NWRL_CONSORTIUM)150869 |
| 700 | 1 | . | ‡aVan Treuren, Martin. ‡0(LARL_NWRL_CONSORTIUM)148267 |
| 700 | 1 | . | ‡aMelançon, Corinne. ‡0(LARL_NWRL_CONSORTIUM)214010 |
| 700 | 1 | . | ‡aWildhorn, Frank. ‡0(LARL_NWRL_CONSORTIUM)108797 |
| 700 | 1 | . | ‡aCurtis, Ann. |
| 700 | 1 | . | ‡aPizzi, Joey. |
| 700 | 1 | . | ‡aStevenson, Robert Louis, ‡d1850-1894. ‡tStrange case of Dr. Jekyll and Mr. Hyde. ‡0(LARL_NWRL_CONSORTIUM)102021 |
| 901 | . | ‡a43838 ‡bOCLC ‡c43838 ‡tbiblio | |

Add to basket
Permalink
Disable Highlighting